000 00665nam a2200229Ia 4500
001 16980
003 GE_BSU
008 181216s||||||||xx |||||||||||||| ||und||
040 _cGE_BSU
080 _a821.353.1-1
100 _aამისულაშვილი, შალვა
245 _aქართული მიწა
245 _bლექსები
245 _cრედ. ხომერიკი
260 _aთბილისი
260 _bსაბჭ. მწერალი
260 _c1958
300 _a120გვ. ; 17სმ.
653 _aლექსები
653 _aქართული მიწა
942 _cBK
999 _c50042
_d50042